Statistics for Top 15 Celebrities Born In 1995

Click here to take the quiz!

General Stats

  • This quiz has been taken 116 times
    (90 since last reset)
  • The average score is 7 of 15

Answer Stats

Answer% Correct
Logan Paul
84%
Post Malone
84%
Timothee Chalamet
77%
Kendall Jenner
75%
Doja Cat
68%
Dua Lipa
65%
Gigi Hadid
53%
Megan Thee Stallion
51%
Patrick Mahomes
43%
Troye Sivan
38%
Melanie Martinez
34%
Lil Uzi Vert
29%
Dominic Fike
9%
Nick Robinson
8%
A Boogie With A Hoodie
3%

Score Distribution

Percentile by Number Answered

Percent of People with Each Score

Your Score History

You have not taken this quiz since the last reset